书目信息 |
| 题名: |
10/0.4kV供配电装置
|
|
| 作者: | 孟宪章 编著 | |
| 分册: | ||
| 出版信息: | 北京 中国电力出版社 2006.04 |
|
| 页数: | 320页 | |
| 开本: | 24cm | |
| 丛书名: | 楼宇电气系统安装运行维护丛书 | |
| 单 册: | ||
| 中图分类: | TM72 | |
| 科图分类: | ||
| 主题词: | 供电--gong dian--电力系统 , 配电系统--pei dian xi tong | |
| 电子资源: | ||
| ISBN: | 7-5083-3753-0 | |
| 000 | 01022nam 2200253 450 | |
| 001 | 012006825812 | |
| 005 | 20060926152841.34 | |
| 010 | @a7-5083-3753-0@dCNY32.00 | |
| 100 | @a20060830d2006 km y0chiy0120 ea | |
| 101 | 0 | @achi |
| 102 | @aCN@b110000 | |
| 105 | @aa z 000yy | |
| 200 | 1 | @a10/0.4kV供配电装置@A10/0.4kV gong pei dian zhuang zhi@f孟宪章编著@Fmeng xian zhang bian zhu |
| 210 | @a北京@c中国电力出版社@d2006.04 | |
| 215 | @a320页@c图@d24cm | |
| 225 | 2 | @a楼宇电气系统安装运行维护丛书@Alou yu dian qi xi tong an zhuang yun xing wei hu cong shu |
| 330 | @a随着国民经济的迅速发展,城市里建起了许多高楼大厦和建筑群,为了适应广大建筑安装电工和楼宇供配电系统运行维护电工及物业管理者的需要,我们组织编写了《楼宇电气系统安装运行维护丛书》,本书是丛书之一。 | |
| 410 | 0 | @12001 @a楼宇电气系统安装运行维护丛书 |
| 606 | 0 | @a供电@Agong dian@x电力系统 |
| 606 | 0 | @a配电系统@Apei dian xi tong |
| 690 | @aTM72@v4 | |
| 701 | 0 | @a孟宪章@Ameng xian zhang@4编著 |
| 801 | 0 | @aCN@c20060926 |
| 905 | @a10447@dTM72@eM624 | |
| 10/0.4kV供配电装置/孟宪章编著.-北京:中国电力出版社,2006.04 |
| 320页:图;24cm.-(楼宇电气系统安装运行维护丛书) |
| ISBN 7-5083-3753-0:CNY32.00 |
| 随着国民经济的迅速发展,城市里建起了许多高楼大厦和建筑群,为了适应广大建筑安装电工和楼宇供配电系统运行维护电工及物业管理者的需要,我们组织编写了《楼宇电气系统安装运行维护丛书》,本书是丛书之一。 |
| ● |
| 相关链接 |
|
|
|
正题名:10/0.4kV供配电装置
索取号:TM72/M624
 
预约/预借
| 序号 | 登录号 | 条形码 | 馆藏地/架位号 | 状态 | 备注 |
| 1 | 220823 | 202208235 | 自科库301/301自科库 17排3列2层/ [索取号:TM72/M624] | 在馆 | |
| 2 | 220824 | 202208244 | 自科库301/301自科库 17排3列2层/ [索取号:TM72/M624] | 在馆 |